000
00305nam a22001337a 4500
008
210302b ||||| |||| 00| 0 eng d
020
_a
0674615409
041
_a
eng
080
_a
159.9
100
_a
48
101
_a
PSI
245
_a
The New Harvard Guide to Psychiatry
_c
Nicholi,M.A
942
_2
udc
_c
BK
999
_c
55503
_d
55503